| 000 | 00552nam a2200217Ia 4500 | ||
|---|---|---|---|
| 003 | 0100 | ||
| 008 | 130227s9999 xx 000 0 und d | ||
| 040 | _cARRUPELIB | ||
| 050 | _aHB161.H84 1970 | ||
| 100 | _aHume, David | ||
| 245 | _aWritings on economics | ||
| 260 | _aMadison | ||
| 260 | _bUniversity of Wisconsin Press | ||
| 260 | _C1970 | ||
| 300 | _acxi | ||
| 300 | _b 224p 22cm | ||
| 650 | _bUnited States- Religious life and customs | ||
| 650 | _cUnitede States- Religious- 1965 | ||
| 700 | _aRotwein, Eugene (ed) | ||
| 942 |
_2lcc _03 |
||
| 999 |
_c4502 _d4502 |
||